01471nam a2200385 i 4500999001500000001001900015003000400034005001700038008004100055015001600096017004400112020001800156040002800174041001300202080002200215080001900237080002000256080002100276245016300297264003800460300002700498490003700525500003500562504006300597650004500660650005800705650007300763700001800836830003600854830004400890908001700934940000700951942001300958952011400971 c7925d7925991061119834206706OSt20240722131603.0240416e202403 spc|||| |||| 0|0 0 spa|  aLL20242bnc aDL B 5256-2024bBiblioteca de Catalunya a9788411660211 aES-BaBCbcaterdacCDMR aspaheng a004.6:316.422004 a659.3:1722004 a364.614.822004 a342.72/.732200410aJusticia de datos :bconsecuencias sociales de los macrodatos, la tecnología inteligente y la IA /cLina Dencik, Arne Hintz, Joanna Redden, Emiliano Treré 1aBarcelona :bEditorial UOC,c2024 a240 pàgines ;c24 cm1 a[Manuales] ;v723.aSociología aTítol original: Data justice aInclou referències bibliogràfiques (pàgines 201-236) 7aDades massivesxAspectes socials.2lemac 0aIntel·ligència artificialxAspectes socials.94722 7aMitjans de comunicació de massaxAspectes ètics i morals.2lemac12aDencik, Lina. 0aManuales (Editorial UOC) ;v723 0aManuales (Editorial UOC).pSociología aBCaUABaUOC aBC 2udccMON 00104070aCDMRbCDMRd2024-07-22eDonacióg26.00l0oCc 5.1/37pCDMR24070006r2024-07-22w2024-07-22yMON